000 00452nam a22001817a 4500
003 MPLRDC
005 20220104124612.0
008 210129b ||||| |||| 00| 0 eng d
020 _aISSN1823-2388
082 _a947.413 QSGC v.71
100 _a青山刚昌
245 _a名侦探柯南. 71
_c
250 _a初版
260 _a马来西亚
_bPENERBIT TORA AMAN
_c2011
300 _b178
650 _a侦探漫画
942 _cBK
_o947.413 QSGC v.71
999 _c20651
_d20641